|
|
|
|
| LEADER |
00813nab a2200157 i 4500 |
| 001 |
misc4428 |
| 005 |
20191106143024.0 |
| 008 |
170607s1926 hu o 0|| hun d |
| 040 |
|
|
|a SZTE Miscellanea Repozitórium
|b hun
|
| 041 |
|
|
|a hun
|
| 245 |
0 |
0 |
|a 1. Az áruszállítás ellenértéke fejében befolyt bevétel forgalmi adó alá esik akkor is, ha a fizetést nem a vevő, hanem a közvetítő ügynök teljesítette. 2. A váltó csak akkor fizetési eszköz, ha ez az árunak kikötött ellenértéke fejében fizetésként adatik.
|h [elektronikus dokumentum]
|
| 260 |
|
|
|c 1926
|
| 300 |
|
|
|a 71b
|
| 490 |
0 |
|
|a Polgári jog : a hazai és külföldi magánjog és hiteljog szemléje
|v 2
|
| 695 |
|
|
|a Forgalmi adózás kereskedelem 1926
|
| 856 |
4 |
0 |
|u http://misc.bibl.u-szeged.hu/4428/1/polgari_jog_1926_071b.pdf
|z Dokumentum-elérés
|